000 00608nam a22001817a 4500
005 20251108164211.0
008 250721s1987 xx 000 0 ara d
082 1 4 _a343.0962/عبد
100 1 _aالشواربي، عبد الحميد
245 1 0 _aجرائم الصحافه و النشر في ضوء القضاء و الفقه :
_bجرائم الصحافه /
264 1 _aالإسكندريه :
_bمنشأة المعارف،
_c1987.
300 _a197ص
490 0 _aالكتب القانونيه
650 1 7 _aالقانون الجنائي
650 1 7 _aمصر
942 _2ddc
_cBK
999 _c6198
_d6198